| 000 | 01576nam a22002777a 4500 | ||
|---|---|---|---|
| 001 | 9615 | ||
| 003 | FISKH | ||
| 005 | 20260126102833.0 | ||
| 008 | 260126b cb ||||| |||| 00| 0 eng d | ||
| 020 | _a9781405293181 | ||
| 040 |
_aFISKH _beng _cFISKH _dFISKH |
||
| 050 | _aPZ7.1 .J274 | ||
| 082 | _a813.6 | ||
| 100 |
_aJackson, Holly _eAuthor |
||
| 245 |
_aA good girl's guide to murderer / _cHolly Jackson |
||
| 260 |
_aLondon : _bElectric Monkey , _c2019 |
||
| 300 |
_a432 pages : _c20 cm |
||
| 490 |
_aA good girl's guide to murder _v1 |
||
| 505 | _aR | ||
| 520 | _aEveryone in Fairview knows the story. Pretty and popular high school senior Andie Bell was murdered by her boyfriend, Sal Singh, who then killed himself. It was all anyone could talk about. And five years later, Pip sees how the tragedy still haunts her town. But she can't shake the feeling that there was more to what happened that day. She knew Sal when she was a child, and he was always so kind to her. How could he possibly have been a killer? Now a senior herself, Pip decides to reexamine the closed case for her final project, at first just to cast doubt on the original investigation. But soon she discovers a trail of dark secrets that might actually prove Sal innocent . . . and the line between past and present begins to blur. Someone in Fairview doesn't want Pip digging around for answers, and now her own life might be in danger. | ||
| 521 | 8 |
_a700
_bLexile HL |
|
| 521 | 8 |
_aR
_bRaz-Plus |
|
| 650 |
_aMurder mystery _vCrime fiction |
||
| 942 |
_2ddc _cBK _n0 |
||
| 999 |
_c9615 _d9615 |
||